[Event "Montigny le Bretonneux op 21st"]
[Site "Montigny le Bretonneux"]
[Date "2017.05.25"]
[Round "1"]
[White "Marchal, Madeleine"]
[Black "Rivier, Sylvain"]
[Result "0-1"]
[WhiteElo "1070"]
[BlackElo "1532"]
[PlyCount "50"]
[EventDate "2017.05.25"]
[EventType "swiss"]
[EventRounds "9"]
[EventCountry "FRA"]
[SourceTitle "EXT 2020"]
[Source "ChessBase"]
[SourceDate "2019.10.17"]
[SourceVersion "1"]
[SourceVersionDate "2019.10.17"]
[SourceQuality "1"]

1. d4 e6 2. e4 d5 3. e5 c5 4. dxc5 Bxc5 5. Nf3 Nc6 6. Bg5 Nge7 7. Bb5 Bd7 8. 0-0 0-0 9. Bxe7 Nxe7 10. Bxd7 Qxd7 11. Nc3 Rac8 12. Re1 Nf5 13. Re2 Rc7 14. Rd2 Rfc8 15. Nxd5 exd5 16. Rxd5 Qe7 17. Qd3 g6 18. Rd1 h5 19. Qe2 Bb6 20. R1d3 Rxc2 21. Qd1 Rc1 22. Qxc1 Rxc1+ 23. Rd1 Rxd1+ 24. Rxd1 Qc5 25. Rf1 Nd4 0-1

[Event "Montigny le Bretonneux op 21st"]
[Site "Montigny le Bretonneux"]
[Date "2017.05.25"]
[Round "2"]
[White "Tanchoux, Pierre"]
[Black "Marchal, Madeleine"]
[Result "1-0"]
[WhiteElo "1274"]
[BlackElo "1070"]
[PlyCount "105"]
[EventDate "2017.05.25"]
[EventType "swiss"]
[EventRounds "9"]
[EventCountry "FRA"]
[SourceTitle "EXT 2020"]
[Source "ChessBase"]
[SourceDate "2019.10.17"]
[SourceVersion "1"]
[SourceVersionDate "2019.10.17"]
[SourceQuality "1"]

1. e4 e5 2. Nf3 Nc6 3. Bc4 Bc5 4. 0-0 d6 5. c3 Bg4 6. Be2 Bxf3 7. Bxf3 Nf6 8. d3 d5 9. Bg5 dxe4 10. dxe4 Qxd1 11. Rxd1 Nd7 12. Bg4 f6 13. Bxd7+ Kf8 14. Bc1 Rd8 15. b4 Bb6 16. Ba3 Kf7 17. Rd5 Ke7 18. Bxc6 bxc6 19. Rxd8 Rxd8 20. b5+ Ke8 21. Kf1 cxb5 22. Ke2 c5 23. Nd2 Ba5 24. Bb2 b4 25. Rc1 Ke7 26. Nc4 Bc7 27. cxb4 cxb4 28. Ne3 Ba5 29. Nd5+ Ke8 30. Nc7+ Kd7 31. Nb5 Ke7 32. Rd1 Rxd1 33. Kxd1 Bb6 34. f3 g5 35. h3 h5 36. Kc2 a6 37. Kb3 axb5 38. Kxb4 Ke6 39. Kxb5 Be3 40. a4 f5 41. Kc6 fxe4 42. fxe4 h4 43. a5 Kf6 44. Kd5 g4 45. Bxe5+ Kg5 46. hxg4 Kxg4 47. Bh2 Bd2 48. a6 Be3 49. e5 Kf5 50. e6 Kf6 51. Kd6 Kg7 52. Kd7 Bg5 53. a7 1-0